[Event "MVP-ch Seniors op 15th"]
[Site "Binz"]
[Date "2015.12.01"]
[Round "8.77"]
[White "Moews, Harald"]
[Black "Wernitz, Armin"]
[Result "1-0"]
[WhiteElo "1629"]
[BlackElo "1374"]
[PlyCount "73"]
[EventDate "2015.11.24"]
[EventType "swiss"]
[EventRounds "9"]
[EventCountry "GER"]
[SourceTitle "EXT 2017"]
[Source "ChessBase"]
[SourceDate "2016.10.25"]
[SourceVersion "1"]
[SourceVersionDate "2016.10.25"]
[SourceQuality "1"]

1. e4 d6 2. d4 g6 3. f4 Bg7 4. c3 e6 5. Be3 Ne7 6. g4 a6 7. a4 Nbc6 8. Ne2 b6 9. Ng3 Bb7 10. h4 f5 11. Bd3 fxe4 12. Bxe4 Nd5 13. Bxd5 exd5 14. f5 Qe7 15. Qd3 Bf6 16. g5 gxf5 17. Nxf5 Qe4 18. Qxe4+ dxe4 19. gxf6 0-0-0 20. Nd2 d5 21. 0-0-0 Kb8 22. b4 Bc8 23. Ne7 Nxe7 24. fxe7 Rde8 25. Bg5 h6 26. Bf6 h5 27. Bxh8 Rxh8 28. Rdf1 Bd7 29. Rf8+ Rxf8 30. exf8Q+ Kb7 31. Rg1 Bg4 32. Nb3 e3 33. a5 e2 34. Qf7 Kc6 35. Kd2 Kd6 36. Ra1 b5 37. Nc5 1-0

[Event "MVP-ch Seniors op 15th"]
[Site "Binz"]
[Date "2015.11.24"]
[Round "1.66"]
[White "Wernitz, Armin"]
[Black "Hellwege, Werner"]
[Result "1/2-1/2"]
[WhiteElo "1374"]
[BlackElo "1806"]
[PlyCount "87"]
[EventDate "2015.11.24"]
[EventType "swiss"]
[EventRounds "9"]
[EventCountry "GER"]
[SourceTitle "EXT 2017"]
[Source "ChessBase"]
[SourceDate "2016.10.25"]
[SourceVersion "1"]
[SourceVersionDate "2016.10.25"]
[SourceQuality "1"]

1. d4 Nf6 2. c4 g6 3. f3 Bg7 4. Nc3 d6 5. e4 0-0 6. Be3 Nbd7 7. Qd2 c5 8. d5 Ne5 9. Bh6 Bxh6 10. Qxh6 Qb6 11. Qd2 Qb4 12. b3 Qb6 13. Nge2 Nh5 14. Nf4 Nxf4 15. Qxf4 f5 16. Qd2 fxe4 17. Nxe4 Rxf3 18. Be2 Rf8 19. Ng5 Bd7 20. 0-0-0 Kg7 21. Ne6+ Bxe6 22. dxe6 Rf6 23. Qd5 a5 24. Rhf1 Raf8 25. Rxf6 Rxf6 26. Rf1 a4 27. Rxf6 Kxf6 28. Kc2 axb3+ 29. axb3 Qc6 30. g4 Qc8 31. h3 b6 32. h4 Kg7 33. g5 Nc6 34. Kc3 Nd4 35. Bg4 b5 36. b4 bxc4 37. Qxc4 Qc6 38. bxc5 dxc5 39. Qf1 Nxe6 40. Qe2 Kf7 41. Qe3 Nd4 42. Qf4+ Kg8 43. Qb8+ Kg7 44. Qe5+ 1/2-1/2

[Event "Hessen-ch Seniors op 11th"]
[Site "Bad Sooden-Allendorf"]
[Date "2015.05.16"]
[Round "8"]
[White "Wernitz, Armin"]
[Black "Neumeyer, Hannelore"]
[Result "0-1"]
[WhiteElo "1593"]
[BlackElo "1981"]
[PlyCount "58"]
[EventDate "2015.05.09"]
[EventType "swiss"]
[EventRounds "9"]
[EventCountry "GER"]
[SourceTitle "EXT 2018"]
[Source "ChessBase"]
[SourceDate "2017.10.13"]
[SourceVersion "1"]
[SourceVersionDate "2017.10.13"]
[SourceQuality "1"]

1. Nf3 d5 2. b3 Nf6 3. Bb2 g6 4. d4 Bg7 5. Nbd2 0-0 6. g3 a5 7. Bg2 Bg4 8. h3 Bxf3 9. Bxf3 e6 10. 0-0 Nbd7 11. c4 c6 12. Rc1 Re8 13. e4 dxe4 14. Nxe4 Nxe4 15. Bxe4 Qe7 16. Qd2 h5 17. Rfe1 Qf8 18. f4 Rad8 19. Qxa5 Ra8 20. Qc7 Rxa2 21. Qxd7 Rxb2 22. Bc2 Rd8 23. Qxb7 Rxd4 24. Qxc6 Rd2 25. Qe4 Qc5+ 26. Re3 Bd4 27. Rce1 Rdxc2 28. R1e2 Bxe3+ 29. Rxe3 Rc1# 0-1

[Event "Hessen-ch Seniors op 11th"]
[Site "Bad Sooden-Allendorf"]
[Date "2015.05.13"]
[Round "5"]
[White "Wilfert, Eva Maria"]
[Black "Wernitz, Armin"]
[Result "0-1"]
[WhiteElo "1672"]
[BlackElo "1593"]
[PlyCount "78"]
[EventDate "2015.05.09"]
[EventType "swiss"]
[EventRounds "9"]
[EventCountry "GER"]
[SourceTitle "EXT 2018"]
[Source "ChessBase"]
[SourceDate "2017.10.13"]
[SourceVersion "1"]
[SourceVersionDate "2017.10.13"]
[SourceQuality "1"]

1. d4 d5 2. c4 c6 3. e3 Nf6 4. Nc3 e6 5. Nf3 Nbd7 6. c5 g6 7. Be2 Bg7 8. 0-0 0-0 9. Rb1 Ne4 10. Bd3 f5 11. Ne2 Ndf6 12. Ne5 Nd7 13. Nxd7 Bxd7 14. f3 Nf6 15. Bd2 Qc7 16. Qe1 b6 17. Ba6 e5 18. Bc3 e4 19. Qg3 Qxg3 20. Nxg3 b5 21. Ba5 Rae8 22. Rbe1 exf3 23. gxf3 Re7 24. Rf2 Rfe8 25. Rfe2 Bh6 26. Nf1 f4 27. Bd2 Nh5 28. Kg2 g5 29. e4 dxe4 30. Rxe4 Rxe4 31. Rxe4 Rxe4 32. fxe4 Nf6 33. Kf3 Bg4+ 34. Kg2 Nxe4 35. Be1 f3+ 36. Kg1 Bg7 37. Bc3 Bh5 38. Ng3 f2+ 39. Kh1 Nxg3+ 0-1

[Event "MVP-ch Seniors op 14th"]
[Site "Binz"]
[Date "2014.11.30"]
[Round "6"]
[White "Wernitz, Armin"]
[Black "Stuiber, Ingeborg"]
[Result "0-1"]
[WhiteElo "1331"]
[BlackElo "1164"]
[PlyCount "84"]
[EventDate "2014.11.25"]
[EventType "swiss"]
[EventRounds "9"]
[EventCountry "GER"]
[SourceTitle "EXT 2016"]
[Source "ChessBase"]
[SourceDate "2015.10.08"]
[SourceVersion "1"]
[SourceVersionDate "2015.10.08"]
[SourceQuality "1"]

1. Nf3 d5 2. d4 f5 3. g3 Nf6 4. Bg2 e6 5. 0-0 Bd6 6. Ne5 0-0 7. h3 Nbd7 8. f4 c6 9. Nd2 Ne4 10. Kh2 Bxe5 11. dxe5 Ndc5 12. Nf3 Bd7 13. Nd4 a5 14. c3 Na6 15. Be3 Qe8 16. Nb3 a4 17. Nd2 Nxd2 18. Qxd2 Qe7 19. Rac1 Nc5 20. c4 Ne4 21. Qd4 c5 22. Qd1 b6 23. cxd5 exd5 24. Qxd5+ Be6 25. Qc6 Rfb8 26. Bxe4 Qd7 27. Bb1 Qxc6 28. a3 Rd8 29. Rc3 g6 30. Bd3 c4 31. Bc2 b5 32. Rf3 Bd5 33. Rf1 Be4 34. Bd1 Rd7 35. g4 Rad8 36. Rc1 Kf7 37. gxf5 Bxf5 38. h4 Qe4 39. Bb6 Rb8 40. Bc5 Rc8 41. Bd6 Ke6 42. Kg3 Qe3+ 0-1

[Event "MVP-ch Seniors op 14th"]
[Site "Binz"]
[Date "2014.11.27"]
[Round "3"]
[White "Wernitz, Armin"]
[Black "Brandt, Fred"]
[Result "0-1"]
[WhiteElo "1331"]
[BlackElo "1652"]
[PlyCount "82"]
[EventDate "2014.11.25"]
[EventType "swiss"]
[EventRounds "9"]
[EventCountry "GER"]
[SourceTitle "EXT 2016"]
[Source "ChessBase"]
[SourceDate "2015.10.08"]
[SourceVersion "1"]
[SourceVersionDate "2015.10.08"]
[SourceQuality "1"]

1. Nf3 Nf6 2. g3 d5 3. Bg2 e6 4. d3 h6 5. 0-0 Bd6 6. Re1 0-0 7. Nc3 c6 8. e4 dxe4 9. dxe4 e5 10. h3 Be6 11. b3 Qc7 12. Bb2 Nbd7 13. Re3 Rfd8 14. Qe2 Nc5 15. Rd1 Be7 16. Nd2 a5 17. f3 b5 18. Kh1 b4 19. Ncb1 Nh7 20. Nc4 Bxc4 21. bxc4 Bg5 22. f4 exf4 23. gxf4 Bxf4 24. Rf3 Rxd1+ 25. Qxd1 Nxe4 26. Qd4 Nhf6 27. Rd3 Ng3+ 28. Rxg3 Bxg3 29. Nd2 Rd8 30. Qe3 Bf4 31. Qf2 Rxd2 32. Qe1 Qd6 33. Bf3 Rh2+ 34. Kg1 Rxh3 35. Qe2 Qc5+ 36. Kf1 Rg3 37. Bg2 Re3 38. Qd1 Bg3 39. Qd8+ Kh7 40. Bh1 Re1+ 41. Kg2 Qf2+ 0-1

[Event "Hessen-ch Seniors op 10th"]
[Site "Bad Sooden-Allendorf"]
[Date "2014.04.30"]
[Round "5"]
[White "Koehler, Marianne"]
[Black "Wernitz, Armin"]
[Result "1-0"]
[WhiteElo "1704"]
[BlackElo "1575"]
[PlyCount "63"]
[EventDate "2014.04.26"]
[EventType "swiss"]
[EventRounds "9"]
[EventCountry "GER"]
[SourceTitle "EXT 2018"]
[Source "ChessBase"]
[SourceDate "2017.10.13"]
[SourceVersion "1"]
[SourceVersionDate "2017.10.13"]
[SourceQuality "1"]

1. e4 d6 2. Be2 e5 3. Nf3 Nf6 4. d3 g6 5. Be3 Bg7 6. Qc1 0-0 7. Bg5 Nbd7 8. Nc3 c6 9. 0-0 b5 10. b4 a6 11. a4 Bb7 12. Bh6 Re8 13. Bxg7 Kxg7 14. Ne1 d5 15. exd5 cxd5 16. axb5 d4 17. bxa6 Rxa6 18. Rxa6 Bxa6 19. b5 Bb7 20. Nd1 e4 21. dxe4 Nxe4 22. Bf3 Ndf6 23. Bxe4 Nxe4 24. Nd3 Qa5 25. Qb2 Nc3 26. Nxc3 dxc3 27. Qb4 Qc7 28. Qd4+ f6 29. Nc5 Bc8 30. Qxc3 Re5 31. Ne6+ Rxe6 32. Qxc7+ 1-0

[Event "Hessen-ch Seniors op 10th"]
[Site "Bad Sooden-Allendorf"]
[Date "2014.04.28"]
[Round "3"]
[White "Zoll, Theobald"]
[Black "Wernitz, Armin"]
[Result "0-1"]
[WhiteElo "1733"]
[BlackElo "1575"]
[PlyCount "96"]
[EventDate "2014.04.26"]
[EventType "swiss"]
[EventRounds "9"]
[EventCountry "GER"]
[SourceTitle "EXT 2018"]
[Source "ChessBase"]
[SourceDate "2017.10.13"]
[SourceVersion "1"]
[SourceVersionDate "2017.10.13"]
[SourceQuality "1"]

1. b3 e5 2. Bb2 d6 3. e3 Nf6 4. d3 g6 5. Nf3 Bg7 6. c4 0-0 7. Qc2 Nc6 8. a3 Re8 9. Nc3 h6 10. Be2 Be6 11. 0-0 a6 12. Rfd1 d5 13. d4 e4 14. Ne5 Qd6 15. Nxc6 Qxc6 16. cxd5 Bxd5 17. Rac1 Rac8 18. Nxd5 Qxd5 19. Bc4 Qh5 20. a4 c6 21. Be2 Qd5 22. Ba3 b5 23. Qb2 bxa4 24. Bxa6 Rb8 25. Bc4 Qd7 26. b4 Nd5 27. Bxd5 cxd5 28. Qa2 Bf8 29. Rb1 Rec8 30. Qd2 Rc4 31. Rdc1 Rbc8 32. h3 R8c7 33. Rxc4 Rxc4 34. Rc1 Qc7 35. Qe1 Rxc1 36. Bxc1 Qc4 37. Ba3 Bd6 38. Qd2 Qb3 39. Qc1 Bxb4 40. Bxb4 Qxb4 41. Qc8+ Kg7 42. Qe8 Qa5 43. Qe5+ Kh7 44. Qf6 Qc7 45. h4 a3 46. h5 a2 47. hxg6+ fxg6 48. g4 a1Q+ 0-1

[Event "Hessen-ch Seniors op 10th"]
[Site "Bad Sooden-Allendorf"]
[Date "2014.04.27"]
[Round "2"]
[White "Wernitz, Armin"]
[Black "Berger, Volkmar"]
[Result "0-1"]
[WhiteElo "1575"]
[BlackElo "1777"]
[PlyCount "86"]
[EventDate "2014.04.26"]
[EventType "swiss"]
[EventRounds "9"]
[EventCountry "GER"]
[SourceTitle "EXT 2018"]
[Source "ChessBase"]
[SourceDate "2017.10.13"]
[SourceVersion "1"]
[SourceVersionDate "2017.10.13"]
[SourceQuality "1"]

1. d4 Nf6 2. Nf3 g6 3. g3 Bg7 4. Bg2 c5 5. e3 0-0 6. 0-0 cxd4 7. exd4 d5 8. Nbd2 Nc6 9. c3 Bg4 10. h3 Bf5 11. Re1 Qc7 12. Nb3 Rad8 13. Bf4 Qc8 14. Kh2 Rfe8 15. Qd2 Na5 16. Nxa5 b6 17. Nb3 a5 18. Bh6 Ne4 19. Rxe4 dxe4 20. Nh4 Bh8 21. Qe3 e5 22. Rd1 a4 23. Nd2 exd4 24. cxd4 Bxd4 25. Qf4 Bxb2 26. Nxf5 Qxf5 27. Qe3 Bd4 28. Qf4 Qxf4 29. Bxf4 Bxf2 30. Rf1 e3 31. Ne4 Rxe4 32. Bxe3 Bxg3+ 33. Kxg3 Rxe3+ 34. Kh2 Rd2 35. Kg1 Rg3 36. Rf2 Rxf2 37. Kxf2 Rxg2+ 38. Kxg2 f5 39. Kf3 Kf7 40. Kf4 Ke6 41. h4 h6 42. a3 g5+ 43. hxg5 hxg5+ 0-1

[Event "MVP-ch Seniors op 13th"]
[Site "Binz"]
[Date "2013.12.04"]
[Round "8"]
[White "Wernitz, Armin"]
[Black "Knoblach, Norbert"]
[Result "0-1"]
[WhiteElo "1208"]
[BlackElo "1581"]
[PlyCount "96"]
[EventDate "2013.11.27"]
[EventType "swiss"]
[EventRounds "9"]
[EventCountry "GER"]
[SourceTitle "EXT 2015"]
[Source "ChessBase"]
[SourceDate "2014.11.20"]
[SourceVersion "1"]
[SourceVersionDate "2014.11.20"]
[SourceQuality "1"]

1. d4 Nf6 2. Nf3 d6 3. c4 g6 4. Nc3 Bg7 5. h3 0-0 6. Bf4 Re8 7. e3 Nbd7 8. Bh2 e5 9. dxe5 dxe5 10. Nxe5 c6 11. Nxd7 Bxd7 12. Qc2 Qa5 13. Qa4 Qg5 14. Bf4 Qxf4 15. Be2 Qe5 16. 0-0 a6 17. Qc2 Bf5 18. Qb3 b5 19. Rad1 Rad8 20. cxb5 axb5 21. Qb4 Bc2 22. Rc1 Bf5 23. b3 Nd5 24. Nxd5 Bf8 25. Qc3 Qxd5 26. Rfd1 Qe5 27. Qxe5 Rxd1+ 28. Rxd1 Rxe5 29. Bd3 Rd5 30. Be2 Rxd1+ 31. Bxd1 b4 32. Kf1 Kg7 33. Ke2 Kf6 34. Kd2 h5 35. Kc1 Ke5 36. Kb2 Be6 37. Bc2 g5 38. Bd3 Bc5 39. Kc2 Bd5 40. g3 Be4 41. f4+ Kd5 42. fxg5 Bxe3 43. h4 Bf2 44. g4 Bxd3+ 45. Kxd3 hxg4 46. h5 g3 47. Ke2 Ke4 48. h6 Bd4 0-1

[Event "MVP-ch Seniors op 13th"]
[Site "Binz"]
[Date "2013.11.29"]
[Round "3"]
[White "Wernitz, Armin"]
[Black "Scholz, Werner"]
[Result "0-1"]
[WhiteElo "1208"]
[BlackElo "1542"]
[PlyCount "60"]
[EventDate "2013.11.27"]
[EventType "swiss"]
[EventRounds "9"]
[EventCountry "GER"]
[SourceTitle "EXT 2015"]
[Source "ChessBase"]
[SourceDate "2014.11.20"]
[SourceVersion "1"]
[SourceVersionDate "2014.11.20"]
[SourceQuality "1"]

1. f4 d5 2. Nf3 Nf6 3. d3 Bf5 4. g3 e6 5. Bg2 Bc5 6. e3 Nbd7 7. 0-0 0-0 8. Kh1 c6 9. Nbd2 Bxe3 10. Re1 Ng4 11. Rf1 Nf2+ 12. Rxf2 Bxf2 13. Nh4 Re8 14. Nxf5 exf5 15. Nf3 Nf6 16. Ne5 Ng4 17. Qf3 Qb6 18. Qe2 Bd4 19. Bh3 Nf2+ 20. Kg2 Nxh3 21. Kxh3 f6 22. c3 Bc5 23. d4 Bf8 24. Nd7 Rxe2 25. Nxb6 axb6 26. a3 Rae8 27. Ra2 Rc2 28. a4 Rxc1 29. a5 bxa5 30. Rxa5 Rc2 0-1

[Event "MVP-ch Seniors op 13th"]
[Site "Binz"]
[Date "2013.11.27"]
[Round "1"]
[White "Wernitz, Armin"]
[Black "Oppermann, Peter"]
[Result "0-1"]
[WhiteElo "1208"]
[BlackElo "1736"]
[PlyCount "80"]
[EventDate "2013.11.27"]
[EventType "swiss"]
[EventRounds "9"]
[EventCountry "GER"]
[SourceTitle "EXT 2015"]
[Source "ChessBase"]
[SourceDate "2014.11.20"]
[SourceVersion "1"]
[SourceVersionDate "2014.11.20"]
[SourceQuality "1"]

1. f4 d5 2. Nf3 g6 3. g3 Bg7 4. Bg2 c5 5. 0-0 Nc6 6. e3 Bg4 7. h3 Bxf3 8. Qxf3 e6 9. c3 Nf6 10. d3 0-0 11. Nd2 Qc7 12. d4 b6 13. Rb1 Rac8 14. b3 Rfd8 15. Bb2 cxd4 16. exd4 b5 17. Qd3 Qb6 18. Kh1 a5 19. Rbe1 Qb8 20. Rf2 b4 21. c4 dxc4 22. Nxc4 Nd5 23. Ne5 Nxe5 24. fxe5 Nc3 25. Bc1 Rd7 26. a3 Bxe5 27. Rxe5 Qxe5 28. Be3 Qxg3 29. axb4 axb4 30. Qa6 Rcd8 31. Rf3 Qe1+ 32. Kh2 Nd5 33. Bf2 Qd2 34. Bg1 Nf4 35. Qf1 Qxg2+ 36. Qxg2 Nxg2 37. Kxg2 Rc8 38. Kg3 Rc3 39. Kf4 g5+ 40. Ke4 f5+ 0-1

[Event "Hessen-ch Seniors op 09th"]
[Site "Bad Sooden-Allendorf"]
[Date "2013.04.22"]
[Round "3"]
[White "Wernitz, Armin"]
[Black "Baier, Peter"]
[Result "0-1"]
[WhiteElo "1588"]
[BlackElo "1767"]
[PlyCount "114"]
[EventDate "2013.04.20"]
[EventType "swiss"]
[EventRounds "9"]
[EventCountry "GER"]
[SourceTitle "EXT 2019"]
[Source "ChessBase"]
[SourceDate "2018.10.10"]
[SourceVersion "1"]
[SourceVersionDate "2018.10.10"]
[SourceQuality "1"]

1. Nf3 Nf6 2. d4 d5 3. g3 h6 4. Bg2 c6 5. 0-0 Bf5 6. Nh4 Bh7 7. Nc3 e6 8. Re1 Be7 9. Nf3 0-0 10. Ne5 Nbd7 11. f4 Nxe5 12. fxe5 Ne4 13. Nxe4 dxe4 14. Rf1 Bg5 15. e3 f5 16. exf6 Bxf6 17. Qg4 Bf5 18. Rxf5 exf5 19. Qxf5 Bg5 20. Qxe4 Qe7 21. Qd3 Rae8 22. e4 Kh8 23. Be3 Bxe3+ 24. Qxe3 b6 25. Rf1 Rxf1+ 26. Kxf1 Qf6+ 27. Kg1 Rd8 28. e5 Qe6 29. b3 Re8 30. c4 c5 31. Bd5 cxd4 32. Qxd4 Qxe5 33. Qf2 Qe1+ 34. Qf1 Re2 35. Bg2 Qxf1+ 36. Kxf1 Rxa2 37. h4 Rb2 38. Bd5 Rxb3 39. Kf2 Rc3 40. g4 g5 41. hxg5 hxg5 42. Ke2 Kg7 43. Kd2 Rg3 44. Be6 Kf6 45. Bf5 Ke5 46. Kc2 Kd4 47. Be6 Kc5 48. Kb2 b5 49. cxb5 Kxb5 50. Bd7+ Kb4 51. Be6 a5 52. Bf5 Kc5 53. Be6 Kd4 54. Bf5 Ke5 55. Bd7 Kf4 56. Kc2 Rxg4 57. Bxg4 Kxg4 0-1

[Event "MVP-ch Seniors op 12th"]
[Site "Binz"]
[Date "2012.12.03"]
[Round "6"]
[White "Wernitz, Armin"]
[Black "Walther, Margareta"]
[Result "0-1"]
[WhiteElo "1304"]
[BlackElo "1448"]
[PlyCount "120"]
[EventDate "2012.11.28"]
[EventType "swiss"]
[EventRounds "9"]
[EventCountry "GER"]
[SourceTitle "EXT 2014"]
[Source "ChessBase"]
[SourceDate "2013.11.20"]
[SourceVersion "1"]
[SourceVersionDate "2013.11.20"]
[SourceQuality "1"]

1. c4 e5 2. Nc3 Nf6 3. Nf3 Nc6 4. e3 Bc5 5. Be2 0-0 6. 0-0 d5 7. cxd5 Nxd5 8. Ne4 Bb6 9. a3 Re8 10. b4 a6 11. Bb2 Bf5 12. Nc5 Bxc5 13. bxc5 Qe7 14. Rc1 Rad8 15. d4 exd4 16. Nxd4 Nxd4 17. Bxd4 c6 18. h3 Qh4 19. Bg4 Bg6 20. g3 Qe7 21. Qb3 h5 22. Bf3 h4 23. g4 f5 24. Kh2 Kh7 25. gxf5 Qc7+ 26. Kh1 Bxf5 27. Rg1 Re7 28. Qb2 Bxh3 29. Bg4 Bxg4 30. Rxg4 Rh8 31. Rcg1 Nf6 32. Bxf6 Qd7 33. Rxh4+ Kg8 34. Rxh8+ Kxh8 35. Bxg7+ Rxg7 36. Qxg7+ Qxg7 37. Rxg7 Kxg7 38. Kg2 Kf6 39. Kg3 Ke5 40. Kg4 Kd5 41. f4 Kxc5 42. f5 Kd6 43. e4 c5 44. f6 Ke6 45. Kg5 Kf7 46. e5 c4 47. e6+ Kxe6 48. Kg6 c3 49. f7 c2 50. f8Q c1Q 51. Qf6+ Kd7 52. Qd4+ Kc7 53. Qd3 Qc5 54. Qg3+ Qd6+ 55. Qxd6+ Kxd6 56. Kf5 Kd5 57. Kf6 Kc4 58. Ke6 Kb3 59. Kd6 Kxa3 60. Kc5 b5 0-1

[Event "Hessen-ch Seniors op 08th"]
[Site "Bad Sooden-Allendorf"]
[Date "2012.04.22"]
[Round "9"]
[White "Wernitz, Armin"]
[Black "Maczollek, Helmut"]
[Result "1-0"]
[WhiteElo "1595"]
[BlackElo "1686"]
[PlyCount "111"]
[EventDate "2012.04.14"]
[EventType "swiss"]
[EventRounds "9"]
[EventCountry "GER"]
[SourceTitle "EXT 2019"]
[Source "ChessBase"]
[SourceDate "2018.10.10"]
[SourceVersion "1"]
[SourceVersionDate "2018.10.10"]
[SourceQuality "1"]

1. Nf3 d5 2. d4 Nf6 3. g3 b6 4. Bg2 Bb7 5. 0-0 e6 6. Nbd2 Bd6 7. b3 0-0 8. Bb2 Nbd7 9. Rc1 Re8 10. Re1 e5 11. dxe5 Nxe5 12. Nd4 c6 13. Nf5 Bc7 14. f4 Ng6 15. e3 Bc8 16. Nd4 Bg4 17. N2f3 Ne4 18. Nxc6 Qd6 19. Ncd4 h5 20. Qd3 Qf6 21. c4 Nc5 22. Qd2 Qd6 23. Nb5 Qd7 24. Nxc7 Qxc7 25. cxd5 Qd6 26. Qd4 f6 27. Nd2 h4 28. Nc4 Qd7 29. d6 Rad8 30. Qd2 Kh7 31. Qc2 hxg3 32. hxg3 Bh3 33. Bf3 Bg4 34. Qh2+ Kg8 35. Bd5+ Be6 36. Qg2 Nd3 37. f5 Bxd5 38. Qxd5+ Kh7 39. fxg6+ Kh6 40. Qxd3 Qg4 41. Kf2 Re4 42. Rh1+ Kxg6 43. Qe2 Qf5+ 44. Qf3 Qxf3+ 45. Kxf3 Ree8 46. Rcd1 Re6 47. Rh4 b5 48. Na3 a6 49. Rhd4 Rd7 50. g4 f5 51. gxf5+ Kxf5 52. Nc2 g5 53. Rd5+ Kg6 54. Be5 Rf7+ 55. Kg3 Rd7 56. e4 1-0

[Event "Hessen-ch Seniors op 08th"]
[Site "Bad Sooden-Allendorf"]
[Date "2012.04.16"]
[Round "3"]
[White "Wernitz, Armin"]
[Black "Rehder, Frank"]
[Result "0-1"]
[WhiteElo "1595"]
[BlackElo "1866"]
[PlyCount "104"]
[EventDate "2012.04.14"]
[EventType "swiss"]
[EventRounds "9"]
[EventCountry "GER"]
[SourceTitle "EXT 2019"]
[Source "ChessBase"]
[SourceDate "2018.10.10"]
[SourceVersion "1"]
[SourceVersionDate "2018.10.10"]
[SourceQuality "1"]

1. Nf3 Nf6 2. d4 g6 3. g3 Bg7 4. Bg2 0-0 5. 0-0 d6 6. Bf4 Nbd7 7. Nc3 Nh5 8. Be3 f5 9. Qd2 Nb6 10. b3 Qe8 11. Bh6 e5 12. Bxg7 Kxg7 13. dxe5 dxe5 14. e4 f4 15. g4 Bxg4 16. h3 Rd8 17. Qe1 Bd7 18. Rd1 Qe7 19. Nd5 Nxd5 20. Rxd5 Rf6 21. Nxe5 Be6 22. Rxd8 Qxd8 23. c4 Qe7 24. Qd2 Rf8 25. Nf3 Rd8 26. Qc3+ Kg8 27. Nd4 Qf6 28. Rd1 c5 29. Qa5 cxd4 30. e5 Qg5 31. Kh2 b6 32. Qxa7 Qxe5 33. Bf3 Qc5 34. Qb7 Ng7 35. Qe4 Qd6 36. Re1 Re8 37. Rd1 Nf5 38. Qc6 Qxc6 39. Bxc6 Rd8 40. Be4 Nh4 41. Rd3 Kg7 42. f3 Kf6 43. a3 Nf5 44. Kg2 Ne3+ 45. Kh2 h6 46. h4 g5 47. hxg5+ Kxg5 48. a4 Bf5 49. Bxf5 Nxf5 50. Kh3 Re8 51. Kg2 Re3 52. Rd2 Rxb3 0-1

[Event "MVP-ch Seniors op 11th"]
[Site "Binz"]
[Date "2011.12.04"]
[Round "5.80"]
[White "Gottschalk, Juergen"]
[Black "Wernitz, Armin"]
[Result "0-1"]
[WhiteElo "1336"]
[BlackElo "1309"]
[PlyCount "71"]
[EventDate "2011.11.30"]
[EventType "swiss"]
[EventRounds "9"]
[EventCountry "GER"]
[SourceTitle "EXT 2013"]
[Source "ChessBase"]
[SourceDate "2012.11.22"]
[SourceVersion "1"]
[SourceVersionDate "2012.11.22"]
[SourceQuality "1"]

1. e4 d6 2. d4 Nf6 3. Nc3 g6 4. Nf3 Bg7 5. h3 0-0 6. Bc4 e6 7. Bg5 h6 8. Bh4 g5 9. Bg3 c6 10. Qd2 b5 11. Bb3 b4 12. Ne2 Nxe4 13. Qxb4 Nxg3 14. Nxg3 a5 15. Qd2 a4 16. Bc4 d5 17. Be2 Qa5 18. c3 Nd7 19. 0-0 Nf6 20. Ne5 c5 21. b4 cxb4 22. cxb4 Qb6 23. a3 Ba6 24. Bxa6 Qxa6 25. Rac1 Rfc8 26. Rc5 Bf8 27. Ra5 Qb7 28. Rxa8 Qxa8 29. f4 gxf4 30. Rxf4 Bg7 31. Rxf6 Bxf6 32. Nd7 Bg5 33. Qd1 Rc1 34. Qxc1 Bxc1 35. Nf6+ Kf8 36. Ngh5 0-1

[Event "MVP-ch Seniors op 11th"]
[Site "Binz"]
[Date "2011.12.03"]
[Round "4.80"]
[White "Wernitz, Armin"]
[Black "Schulz, Hermann"]
[Result "1/2-1/2"]
[WhiteElo "1309"]
[BlackElo "1401"]
[PlyCount "87"]
[EventDate "2011.11.30"]
[EventType "swiss"]
[EventRounds "9"]
[EventCountry "GER"]
[SourceTitle "EXT 2013"]
[Source "ChessBase"]
[SourceDate "2012.11.22"]
[SourceVersion "1"]
[SourceVersionDate "2012.11.22"]
[SourceQuality "1"]

1. d4 Nf6 2. c4 e6 3. Nc3 Bb4 4. Bd2 0-0 5. Qc2 d5 6. a3 Bxc3 7. bxc3 b6 8. cxd5 exd5 9. Nf3 Bg4 10. Ne5 Bh5 11. f3 Nfd7 12. Nd3 Bg6 13. g3 Re8 14. Bf4 c5 15. Qd2 cxd4 16. cxd4 Nc6 17. e3 Nxd4 18. Kf2 Nb3 19. Qb2 Nxa1 20. Qxa1 Rc8 21. Nb4 Nc5 22. Qd4 Ne6 23. Qxd5 Qxd5 24. Nxd5 Rc2+ 25. Ke1 Nxf4 26. gxf4 Kf8 27. e4 f6 28. Ne3 Rc3 29. Kf2 Rxa3 30. Bh3 Bf7 31. Nf5 Rd8 32. Re1 Ra2+ 33. Kg3 Be6 34. Rc1 Bxf5 35. Bxf5 g6 36. Be6 Rdd2 37. Bxa2 Rxa2 38. Rc8+ Kg7 39. h4 Ra5 40. Rc7+ Kh6 41. Rc6 Kg7 42. Rc7+ Kg8 43. Rc8+ Kf7 44. Rc7+ 1/2-1/2

[Event "MVP-ch Seniors op 11th"]
[Site "Binz"]
[Date "2011.12.02"]
[Round "3.78"]
[White "Scholz, Werner"]
[Black "Wernitz, Armin"]
[Result "1-0"]
[WhiteElo "1520"]
[BlackElo "1309"]
[PlyCount "81"]
[EventDate "2011.11.30"]
[EventType "swiss"]
[EventRounds "9"]
[EventCountry "GER"]
[SourceTitle "EXT 2013"]
[Source "ChessBase"]
[SourceDate "2012.11.22"]
[SourceVersion "1"]
[SourceVersionDate "2012.11.22"]
[SourceQuality "1"]

1. d4 Nf6 2. Nf3 g6 3. c4 Bg7 4. Nc3 0-0 5. e4 d6 6. Be2 b6 7. 0-0 Bb7 8. Qc2 Nc6 9. a3 e6 10. Bg5 h6 11. Bh4 g5 12. Bg3 Nh5 13. Rad1 Nxg3 14. hxg3 f5 15. exf5 exf5 16. d5 Ne7 17. Nd4 Bc8 18. Rfe1 Bxd4 19. Rxd4 c5 20. dxc6 Nxc6 21. Rdd1 a6 22. Bf3 Qc7 23. Qd3 Rd8 24. Qd5+ Kf8 25. Qxc6 Qxc6 26. Bxc6 Ra7 27. Bd5 Kg7 28. Ne2 Kf6 29. Nd4 Re7 30. Rxe7 Kxe7 31. Nc6+ Kd7 32. Nxd8 Kxd8 33. Kf1 Bd7 34. Ke2 b5 35. Rh1 bxc4 36. Bxc4 a5 37. Rxh6 g4 38. Rxd6 Kc7 39. Rxd7+ Kxd7 40. Ke3 Kd6 41. Kf4 1-0

[Event "Niedersachsen-ch Seniors op 14th"]
[Site "Bad Bevensen"]
[Date "2011.07.10"]
[Round "6"]
[White "Wernitz, Armin"]
[Black "Ludwig, Timm"]
[Result "0-1"]
[WhiteElo "1276"]
[BlackElo "1406"]
[PlyCount "118"]
[EventDate "2011.07.05"]
[EventType "swiss"]
[EventRounds "9"]
[EventCountry "GER"]
[SourceTitle "EXT 2012"]
[Source "ChessBase"]
[SourceDate "2011.11.24"]
[SourceVersion "1"]
[SourceVersionDate "2011.11.24"]
[SourceQuality "1"]

1. c4 g6 2. d4 Bg7 3. Nc3 Nf6 4. e4 d6 5. Nf3 0-0 6. g3 Re8 7. Bg2 e5 8. d5 Nbd7 9. 0-0 a5 10. Be3 Nc5 11. Nd2 Ng4 12. Bxc5 dxc5 13. h3 Nh6 14. Nf3 f5 15. Nd2 Ra6 16. Qe2 Rf6 17. f3 b6 18. Rad1 Bb7 19. Kh2 Qe7 20. Rf2 g5 21. exf5 Nxf5 22. Nde4 Rg6 23. Nb5 Nd4 24. Nxd4 cxd4 25. Qd3 Bc8 26. g4 Rf8 27. Qb3 Qf7 28. Rd3 Qf4+ 29. Kg1 h5 30. Qc2 Qf7 31. Qd2 Qe7 32. a3 hxg4 33. hxg4 Qf7 34. Nxg5 Qf4 35. Qxf4 Rxf4 36. Ne4 Bh6 37. Kf1 Rf7 38. Ke2 Bf4 39. Rf1 Rh6 40. Rh1 Rxh1 41. Bxh1 Rh7 42. Bg2 Rh2 43. Kf1 Be3 44. Nf2 Bd7 45. Nd1 Bf4 46. Nf2 Rh6 47. Ne4 b5 48. b3 bxc4 49. bxc4 Rb6 50. c5 Rb1+ 51. Ke2 Bb5 52. Nd2 Rb2 53. d6 Rxd2+ 54. Ke1 Rxd3 55. dxc7 Ba6 56. Bf1 Re3+ 57. Kd1 Bc8 58. Be2 Rc3 59. a4 Rc1# 0-1